| 000 | 00767nam a2200241Ia 4500 | ||
|---|---|---|---|
| 005 | 20220317000020.0 | ||
| 008 | 141031s9999 xx 000 0 und d | ||
| 020 | _a9788426110367 | ||
| 040 |
_aCO-BoRNBP _bspa _cCO-BoRNBP _erda |
||
| 100 | 1 | 0 |
_aHergé _d1907-1983 |
| 245 | 1 | 3 |
_aEl tesoro de Rackham el rojo _c Hergé ; traducido por Concepción Zendrera |
| 250 | _a28a ed. | ||
| 264 |
_aBarcelona _bJuventud _c2013 |
||
| 300 |
_a62 páginas _bilustraciones |
||
| 336 |
_atexto _btxt _2rdacontent |
||
| 337 |
_asin mediación _bn _2rdamedia |
||
| 338 |
_avolumen _bnc _2rdacarrier |
||
| 650 | 1 | 4 |
_a Autores belgas _2LEMB |
| 650 | 1 | 4 |
_a Literatura juvenil belga _2LEMB |
| 650 | 1 | 4 |
_a Tiras cómicas, historietas, Etc. _2LEMB |
| 942 |
_2loc _cBK |
||
| 084 | _aH HER5 | ||
| 999 |
_c2900 _d2900 |
||